000 00340cam a2200133ua 4500
999 _c6611
_d6611
003 OSt
008 191029b ||||| |||| 00| 0 eng d
082 _a921.9
_bPLA/SO
100 _aPlato, .
_94517
245 _aSocrates samsarikunnu
260 _aEranakulam :
_bSahitya Nilayam Publishing House ,
_c1959.
300 _a90 ; .
942 _cBK